00628 2200241 4500001002100000005001500021035002000036007000300056008004100059020002200100082001400122084002000136100001100156245007300167250001000240260003200250300001800282650002000300700002000320700002200340990001200362990001200374INLIS00000000000149020180208114808 a0010-0218000085ta180208 g 1 ind  a978-602-98543-3-6 a899.221 3 a899.221 3 MAI l0 aMAIZUL1 aLima Bintang /cMaizul; penyunting, Aminah Mustari, Nurkholis Ridwan acet.1 aJakarta :bSalsabila,c2011 a606 ;c21 cm. aFIKSI INDONESIA0 aAMINAH, Mustari0 aNURKHOLIS, Ridwan a16384 a a16348 b